| 000 | 00349nam a2200133Ia 4500 | ||
|---|---|---|---|
| 005 | 20260328101518.0 | ||
| 008 | 260328s9999||||xx |||||||||||||| ||und|| | ||
| 100 | _aUtudjian, Edouard | ||
| 245 | 0 |
_aArchitecture et Urbanisme souterrains / _cEdouard Utudjian |
|
| 260 | _bMichel Ragon | ||
| 300 | _a102 p. | ||
| 650 | _aARQUITECTURA CIVIL | ||
| 942 | _cBK | ||
| 999 |
_c9457 _d9457 |
||